Histoire de France en A - Statistiques

Statistiques générales
  • Ce quiz a été pris 98 fois
    96 depuis la dernière actualisation
  • Le résultat moyen est 12 sur 30
Statistiques - réponses
Indice Réponse % Correct
Ville surnommée la Venise des Alpes, avec un lac, des canaux et un château médiéval Annecy
82%
Prénom en commun des sculpteurs du « Penseur » et de la Statue de la Liberté Auguste
78%
Ville du Sud-Ouest connu pour son bassin et sa dune du Pilat Arcachon
75%
Scandale politique et militaire de la IIIe République (1894-1906), centré sur l'accusation de trahison d'un officier juif Affaire Dreyfus
74%
Ville du nord de la France célèbre pour sa cathédrale gothique du XIIIe siècle et ses vitraux classés au patrimoine mondial de l’UNESCO Amiens
62%
Spécialité culinaire de l’Auvergne à base de pommes de terre et de fromage Aligot
61%
Ville provençale connue pour son festival de théâtre international Avignon
61%
Unité de mesure du courant électrique, nommée d’après un physicien français utilisée pour quantifier l’intensité du courant dans les circuits électriques Ampère
60%
Chanteur et auteur-compositeur français d’origine israélienne, connu pour avoir représenté la France au Concours Eurovision de la chanson 2016 Amir
55%
Femme politique française, membre du Parti socialiste, ancienne ministre et maire de Lille, connue pour avoir instauré les 35 heures de travail hebdomadaires en France Martine Aubry
51%
Œuvre de Marcel Proust, publiée en sept tomes, explorant la mémoire involontaire et la haute société française de la fin du XIXe siècle À la recherche du temps perdu
46%
Ville provençale connue pour son théâtre romain antique et son festival international de photographie Arles
45%
Bataille décisive de 1415 pendant la guerre de Cent Ans, où l’armée anglaise commandée par Henri V inflige une défaite majeure aux Français Azincourt
45%
Sommet des Alpes accessible par téléphérique, offrant une vue impressionnante sur le Mont-Blanc Aiguille du Midi
39%
Philosophe des Lumières, auteur du Discours préliminaire de l'Encyclopédie, a contribué à la diffusion du savoir au XVIIIe siècle Alembert
39%
Province historique de Gascogne, réputée pour son eau-de-vie Armagnac
39%
Capitulation de la France face aux forces allemandes en 1940, entraînant l’occupation de la zone nord et la mise en place du régime de Vichy Armistice
39%
Colonie française d'Amérique du Nord, cédée à la Grande-Bretagne après 1713, dont les habitants furent déportés Acadie
34%
Régime politique et social de la France, marqué par la monarchie absolue et le système des trois ordres, qui a précédé la Révolution de 1789 Ancien Régime
26%
Traité signé en 843 qui divise l’empire carolingien en trois royaumes, établissant les bases de la France et de l’Allemagne modernes Aix-La-Chapelle
25%
Surnom faisant référence à son caractère hautain donné à la reine Marie-Antoinette par ses détracteurs lors de la Révolution L'Autrichienne
25%
Institution qui, de 1789 à 1791, a rédigé la première Constitution française et la DDHC Assemblée Constituante
22%
Ville historique normande, connue pour ses plages et son rôle dans la Seconde Guerre mondiale Arromanches
20%
Mouvement artistique qui a émergé en France vers 1900, caractérisé par l'utilisation de la courbe et de motifs inspirés de la nature Art Nouveau
19%
Mouvement artistique et architectural du XXe siècle, influencé par le cubisme et les arts décoratifs Art Déco
16%
Journaliste et écrivain français, animateur sur Clique TV, connu pour ses émissions culturelles et son engagement dans la promotion de la littérature et de la culture urbaine. Mouloud Achour
14%
Papier-monnaie, gagé sur la vente des biens du clergé, créé pendant la Révolution française et a connu une forte dévaluation Assignat
13%
Train à grande vitesse sur coussin d’air inventé par l’ingénieur français Jean Bertin dans les années 1960 Aérotrain
11%
Empereur romain ayant construit au IIIe siècle une enceinte fortifiée autour de Lutèce pour la défendre des invasions barbares Aurélien
9%
Artiste franco-allemand du XXᵉ siècle, peintre, sculpteur et poète, connu comme l’un des fondateurs du mouvement Dada et du surréalisme. Jean Arp
5%
Aucun quiz correspondant
Distribution des résultats
% des personnes avec chaque résultat
Percentile par nombre de réponses
Votre historique - résultats
Vous n’avez pas pris ce quiz depuis la dernière actualisation